000 002700000a22000970004500
100 1 _aMarcus, Joel (1951-)
245 1 0 _aMark 14:61 : "Are you the Messiah-son-God?"
300 _aVol. 31, Num. 2 (Abril, 1989), Páginas 125-141
773 0 _tNovum Testamentum
942 _cANA
999 _c56771
_d56771